Dar lage - Ram rajya / (Record no. 46117)

MARC details
000 -LEADER
fixed length control field 01232nji a22003137a 4500
005 - DATE AND TIME OF LATEST TRANSACTION
control field 20100916113845.0
006 - FIXED-LENGTH DATA ELEMENTS--ADDITIONAL MATERIAL CHARACTERISTICS--GENERAL INFORMATION
fixed length control field a|||||r|||||00| 0
007 - PHYSICAL DESCRIPTION FIXED FIELD--GENERAL INFORMATION
fixed length control field sd ammalaaahaa
008 - FIXED-LENGTH DATA ELEMENTS--GENERAL INFORMATION
fixed length control field 100830t xxu||||| |||| 00| 0 eng d
028 ## - PUBLISHER NUMBER
Publisher number 3AEX.5196
Source Odeon
035 ## - SYSTEM CONTROL NUMBER
System control number GR-02527
040 ## - CATALOGING SOURCE
Original cataloging agency SED
Transcribing agency SED
100 ## - MAIN ENTRY--PERSONAL NAME
9 (RLIN) 17455
Personal name Mangeshkar, Lata
245 ## - TITLE STATEMENT
Title Dar lage - Ram rajya /
Statement of responsibility, etc sung by Lata Mangeshkar; music by vasant Desai; lyric by Bharat Vyas
Medium [sound recording] :
246 ## - VARYING FORM OF TITLE
Title proper/short title डर लागे - राम राज्य /
260 ## - PUBLICATION, DISTRIBUTION, ETC. (IMPRINT)
Place of publication, distribution, etc Dum Dum, India
Name of publisher, distributor, etc Odeon
Date of publication, distribution, etc 1968
300 ## - PHYSICAL DESCRIPTION
Extent 1 sound disc [Gramophone Recording]:
Other physical details analog, 33 1/3 rpm
Dimensions 12.5 in. (LP)
Type of unit Gramophone Record
440 ## - SERIES STATEMENT/ADDED ENTRY--TITLE
Title Classical songs from films - Vol.3
9 (RLIN) 20302
500 ## - GENERAL NOTE
General note Brief Record
500 ## - GENERAL NOTE
General note Record labels : Odeon, Black
505 ## - FORMATTED CONTENTS NOTE
Formatted contents note Side-2 एक ऋतू आए (Ek ritu aae) (Sau saal baad) (Lata Mangeshkar [and] Manna Dey)
600 ## - SUBJECT ADDED ENTRY--PERSONAL NAME
Personal name Mangeshkar, Lata
9 (RLIN) 19590
650 ## - SUBJECT ADDED ENTRY--TOPICAL TERM
Topical term or geographic name as entry element Hindi Film Songs
Geographic subdivision India
9 (RLIN) 1186
General subdivision Excerpts
650 ## - SUBJECT ADDED ENTRY--TOPICAL TERM
Topical term or geographic name as entry element Classical Songs
9 (RLIN) 20303
700 ## - ADDED ENTRY--PERSONAL NAME
Personal name Desai, Vasant
9 (RLIN) 20292
700 ## - ADDED ENTRY--PERSONAL NAME
Personal name Vyas, Bharat
9 (RLIN) 20304
942 ## - ADDED ENTRY ELEMENTS (KOHA)
Source of classification or shelving scheme Dewey Decimal Classification
Item type Gramaphone Records
Holdings
Withdrawn status Lost status Source of classification or shelving scheme Damaged status Not for loan Collection code Home library Current library Date acquired Source of acquisition Total Checkouts Barcode Date last seen Copy number Price effective from Koha item type
    Dewey Decimal Classification   Not For Loan Non-fiction Central Library Central Library 16/09/2010 SED/VEN   GR-02527 16/09/2010 1 16/09/2010 Gramaphone Records

© Delhi Public Library
Hit Counter
free hit counter